[Event "Rostov op"]
[Site "Rostov"]
[Date "1993.??.??"]
[Round "?"]
[White "Yakovich, Yuri"]
[Black "Kovalevskaya, Ekaterina"]
[Result "1-0"]
[WhiteElo "2510"]
[BlackElo "2270"]

1.e4 c5 2.Nf3 Nc6 3.Nc3 e5 4.Bc4 Be7 5.d3 Nf6 6.Nd2 d6 7.Nf1 Bg4 8.f3 Be6
9.Ne3 O-O 10.O-O Nd4 11.a4 h6 12.Bd2 Nh5 13.Ncd5 Bg5 14.b4 cxb4 15.Bxb4 Nf4
16.Kh1 Rc8 17.Ra2 Nc6 18.Rb2 b6 19.Ba3 Na5 20.Ba6 Rb8 21.Nc3 Qd7 22.Qe1 Rfd8
23.Bb4 Nc6 24.Bb5 Qc7 25.g3 Ng6 26.Ned5 Bh3 27.Rf2 Rbc8 28.Ba3 Na5 29.Bb4 Nc6
30.Bc4 Nd4 31.Ne2 Nxe2 32.Qxe2 Be6 33.f4 exf4 34.gxf4 Bh4 35.Rf1 Qd7 36.f5 Bxd5
37.Bxd5 Ne5 38.Rg1 Bf6 39.Ra2 Nc6 40.Bd2 Kf8 41.c3 Ne5 42.Qg2 Ke7 43.d4 Nc4
44.Bf4 Na5 45.Qf3 Kf8 46.Rag2 a6 47.Qh5  1-0

[Event "Sala op"]
[Site "Sala"]
[Date "1993.??.??"]
[Round "3"]
[White "Brestak, Jan"]
[Black "Mochalov, Evgeny V"]
[Result "1/2-1/2"]
[WhiteElo "2285"]
[BlackElo "2445"]

1.e4 c5 2.Nc3 Nc6 3.Nf3 d6 4.d4 cxd4 5.Nxd4 e6 6.Be3 Nf6 7.Qe2 Be7 8.O-O-O O-O
9.Rg1 Qc7 10.g4 d5 11.f3 dxe4 12.fxe4 Nxd4 13.Rxd4 Bc5 14.Rd2 Bxe3 15.Qxe3 Qe5
16.g5 Nd5 17.Qg3 Nf4 18.h4 Ng6 19.Qe1 Qc5 20.Qg3 e5 21.Rd5 Qe7 22.Bc4 Nf4
23.Rb5 Qc7 24.Bb3 Be6 25.Bxe6 fxe6 26.Qe3 Rac8 27.Kb1 a6 28.Rb3 b5 29.Rc1 Qc4
30.a3 Qd4 31.Qg3 Rc4 32.Qg4 Qf2 33.Rd1 Rd4 34.h5 Qg2 35.Qxg2 Nxg2 36.Rxd4 exd4
37.Ne2 e5 38.Ng3 Ne3 39.a4 bxa4 40.Rb7 Rf3 41.g6 hxg6 42.hxg6 Kf8 43.Nf5 Nxf5
44.Rf7+ Ke8 45.exf5 Rf1+ 46.Ka2 e4 47.Rxg7 e3 48.Rb7 Kf8 49.Rf7+ Kg8 50.f6 e2
51.Rg7+ Kf8 52.Rf7+  1/2-1/2

[Event "San Isidoro op"]
[Site "San Isidoro"]
[Date "1993.??.??"]
[Round "7"]
[White "Antollovich, Anibal"]
[Black "Pierrot, Facundo"]
[Result "0-1"]
[WhiteElo "2125"]
[BlackElo "2310"]

1.e4 c5 2.Nc3 Nc6 3.Nf3 e5 4.Nd5 Nf6 5.Nxf6+ Qxf6 6.c3 d6 7.d3 h6 8.Be3 Be7
9.h3 Rb8 10.Be2 b5 11.Nh2 Qg6 12.Bf3 O-O 13.g4 b4 14.Qe2 bxc3 15.bxc3 Ba6
16.c4 Rb4 17.O-O Rfb8 18.Rfd1 Bg5 19.Nf1 Bf4 20.Ng3 Rb2 21.Qe1 Nb4 22.Nf5 Qf6
23.Qc3 Nc2 24.Rac1 Nxe3  0-1

[Event "Santiago"]
[Site "Santiago de Chile"]
[Date "1993.??.??"]
[Round "?"]
[White "Egger, Jorge"]
[Black "Arancibia, Eduardo"]
[Result "1/2-1/2"]
[WhiteElo "2410"]
[BlackElo "2300"]

1.e4 c5 2.Nc3 Nc6 3.Nge2 Nf6 4.d4 cxd4 5.Nxd4 d6 6.Bg5 Qa5 7.Bb5 Bd7 8.Nb3 Qd8
9.f4 a6 10.Bd3 Rc8 11.O-O e6 12.Qf3 Be7 13.Rae1 Qc7 14.Qg3 h6 15.Bh4 g5 16.fxg5 Nh5
17.Qf3 hxg5 18.Bf2 Ne5 19.Qd1 Nf4 20.Bd4 f6 21.Ne2 Nfxd3 22.cxd3 Qc2 23.Nbc1 Bb5
24.Nc3 Qxd1 25.Rxd1 Bd7 26.Nb3 Kf7 27.h3 Rcg8 28.Bxe5 dxe5 29.d4 exd4 30.Rxd4 Bc6
31.e5 f5 32.Ne4 g4 33.hxg4 Rxg4 34.Nd6+ Kg6 35.Rxg4+ fxg4 36.Nd4 Bg5 37.Re1 Bd5
38.b3 Bf4 39.Nc4 Rh2 40.Re2 Rh5 41.a4 Bxc4 42.bxc4 Bxe5 43.Re4 Bxd4+ 44.Rxd4 Ra5
45.Rxg4+ Kf5 46.Rg7 Rxa4 47.Rxb7 Rxc4 48.Kf2 Rc3 49.Rb6 Ra3 50.g4+ Kxg4 51.Rxe6 Kf5
52.Re8  1/2-1/2

[Event "Seefeld op"]
[Site "Seefeld"]
[Date "1993.??.??"]
[Round "2"]
[White "Pilz, Dieter"]
[Black "Sarre, Sascha"]
[Result "1/2-1/2"]
[WhiteElo "2250"]
[BlackElo "1990"]

1.e4 c5 2.Nf3 Nc6 3.Nc3 d6 4.Bb5 Bd7 5.a4 Nf6 6.O-O g6 7.d3 Bg7 8.Bf4 O-O
9.h3 Nd4 10.Bc4 Nxf3+ 11.Qxf3 Bc6 12.Qe2 Re8 13.Bg5 d5 14.Bb3 dxe4 15.dxe4 Qa5
16.e5 Nd7 17.f4 Nb6 18.Kh1 Rad8 19.f5 c4 20.fxg6 hxg6 21.Bxc4 Nxc4 22.Qxc4 Qxe5
23.Qxf7+ Kh7 24.Bf4 Qh5 25.Kg1 Qc5+ 26.Kh1 Qh5 27.Kh2 e5 28.Be3 Rf8 29.Qe7 Rd7
30.Qg5 Qxg5 31.Bxg5 Rdf7 32.Rxf7 Rxf7 33.Be3 a6 34.Kg1 e4 35.Nd1 Rd7 36.Kf2 b5
37.axb5 Bxb5 38.Nc3 Rf7+ 39.Kg1 Bxc3 40.bxc3 Rc7 41.Bd4 e3 42.Bxe3 Rxc3  1/2-1/2

[Event "Sevilla op"]
[Site "Sevilla"]
[Date "1993.??.??"]
[Round "?"]
[White "Fernandez Garcia, Jose L"]
[Black "Jimenez Morales, Francisco"]
[Result "1-0"]
[WhiteElo "2475"]
[BlackElo "2240"]

1.e4 c5 2.Nf3 Nc6 3.Nc3 d6 4.d4 cxd4 5.Nxd4 e6 6.g3 Nf6 7.Bg2 Be7 8.O-O Bd7
9.Nce2 O-O 10.c4 a6 11.Bd2 Rc8 12.Rc1 Qb6 13.Nb3 a5 14.Be3 Qa6 15.c5 Nb4
16.cxd6 Bxd6 17.e5 Bb5 18.Qxd6 Qxd6 19.exd6 Bxe2 20.Rxc8 Rxc8 21.Bxb7 Rd8
22.Rc1 Nxa2 23.Rc8 Rxc8 24.Bxc8 Bb5 25.Nxa5 Kf8 26.Bb7 Bd7 27.Bd2 Ne8 28.Be4  1-0

[Event "Sevilla op"]
[Site "Sevilla"]
[Date "1993.??.??"]
[Round "?"]
[White "Ribeiro, Fernando"]
[Black "Anguix Garrido, Juan Francisco"]
[Result "0-1"]
[WhiteElo "2180"]
[BlackElo "2340"]

1.e4 c5 2.Nf3 Nc6 3.Nc3 e5 4.Bb5 Nge7 5.O-O d6 6.Nd5 a6 7.Bxc6+ bxc6 8.Ne3 g6
9.Nc4 f6 10.d3 d5 11.Ncd2 g5 12.c4 d4 13.Qa4 Ng6 14.Nb3 Qb6 15.Bd2 Bg4 16.Ba5 Qb7
17.Nfd2 Nf4 18.Nc1 h5 19.Rb1 Bd7 20.Qa3 Rb8 21.Ndb3 Qa7 22.Bd2 Bd6 23.Na5 Kf7
24.Qa4 Kg6 25.a3 h4 26.Qc2 Bc7 27.Nab3 g4 28.Na1 a5 29.b4 axb4 30.axb4 cxb4
31.c5 Ne6 32.Nab3 Rb5 33.Ra1 Qb7 34.Na2 Qb8 35.Rfc1 Bd8 36.Qd1 Ng5 37.Rc4 h3
38.Bxg5 fxg5 39.g3 Be6 40.Nac1 Rf8 41.Rc2 Qb7 42.Rca2 Qf7 43.Ra7 Rb7 44.Rxb7 Qxb7
45.Qe2 Be7 46.Ra5 Ra8 47.Qa2 Rxa5 48.Qxa5 Qb8 49.Qa4 Bd7 50.Nd2 Bxc5 51.Ncb3 Qa7
52.Qxa7 Bxa7 53.Kf1 Kf6 54.Ke2 Ke7 55.Kd1 Be6 56.Kc2 Bb6 57.Nc4 Bxc4 58.dxc4 d3+
59.Kxd3 Bxf2 60.Ke2 Bxg3  0-1

[Event "Sevilla op"]
[Site "Sevilla"]
[Date "1993.??.??"]
[Round "7"]
[White "Eslon, Jaan"]
[Black "Kurajica, Bojan"]
[Result "1/2-1/2"]
[WhiteElo "2430"]
[BlackElo "2535"]

1.e4 c5 2.Nc3 Nc6 3.Nge2 e6 4.g3 a6 5.Bg2 Nf6 6.O-O Qc7 7.d3 Be7 8.f4 O-O
9.h3 d5 10.Kh2 dxe4 11.dxe4 Rd8 12.Bd2 b5 13.e5 Nd7 14.Ne4 Bb7 15.c3 Nb6
16.Qc2 Nc4 17.Bc1 a5 18.b3 Nb6 19.Be3 Nb8 20.Ng1 Nd5 21.Bf2 c4 22.Nf3 cxb3
23.axb3 Nd7 24.Rfc1 h6 25.Nd4 Ba6 26.f5 exf5 27.Nxf5 Nxe5 28.Nxe7+ Nxe7 29.Nc5 Ra7
30.Qe2 N7g6 31.Rd1 Rxd1 32.Rxd1 Qb8 33.Nxa6 Rxa6 34.Rd5 Re6 35.Qxb5 Qxb5
36.Rxb5 Nd3 37.Kg1 Re2 38.Bf1 Rxf2 39.Bxd3 Rf3 40.Bxg6 fxg6 41.Kg2  1/2-1/2

[Event "SLO-ch"]
[Site "?"]
[Date "1993.??.??"]
[Round "?"]
[White "Furlan, Miha"]
[Black "Osterman, Rudolf"]
[Result "0-1"]
[WhiteElo "2255"]
[BlackElo "2415"]

1.e4 c5 2.Nc3 Nc6 3.Nge2 e5 4.Ng3 d6 5.Bc4 Nf6 6.d3 Be7 7.Nh5 O-O 8.Nxf6+ Bxf6
9.Nd5 Bg5 10.Qh5 Bxc1 11.Rxc1 Rb8 12.O-O b5 13.Bb3 Be6 14.f4 exf4 15.Nxf4 Bxb3
16.axb3 Ne5 17.Ra1 a5 18.Nd5 Rb7 19.Rf4 Ng6 20.Rf3 Re8 21.Rh3 h6 22.Rf3 Ra7
23.Nc3 Re5 24.Qh3 Qb8 25.Rff1 Rg5 26.Rf5 Ne5 27.Rxg5 hxg5 28.Qf5 g4 29.Nd5 a4
30.b4 cxb4 31.Nxb4 Qc7 32.Qf2 Ra8 33.Nd5 Qd8 34.Rf1 f6 35.Kh1 a3 36.b3 a2
37.Ra1 Qa5 38.Qf1 Qd2 39.Nc7 Rc8 40.Nxb5 Rxc2 41.d4 Nd3 42.Na3 Rc1  0-1

[Event "SLO-chT"]
[Site "?"]
[Date "1993.??.??"]
[Round "?"]
[White "Drinovec, Ales"]
[Black "Brunsek, Iztok"]
[Result "1-0"]
[WhiteElo "2165"]
[BlackElo "2030"]

1.e4 c5 2.Nf3 Nc6 3.Nc3 Nf6 4.d4 cxd4 5.Nxd4 e5 6.Ndb5 d6 7.Bg5 a6 8.Na3 b5
9.Nd5 Be7 10.Nxe7 Nxe7 11.Bxf6 gxf6 12.Qd2 Bb7 13.c4 bxc4 14.Nxc4 d5 15.exd5 Bxd5
16.Be2 Bxc4 17.Qxd8+ Rxd8 18.Bxc4 a5 19.Bb5+ Kf8 20.O-O Nf5 21.Rfd1 Nd4 22.Bd3 Kg7
23.f3 Rd6 24.Kf2 Rhd8 25.Be2 f5 26.Rac1 Ne6 27.Rxd6 Rxd6 28.Ke1 Nf4 29.Bf1 Ne6
30.b3 Kf6 31.Rc8 Nd4 32.Rc5 f4 33.Be2 Nxe2 34.Kxe2 Ra6 35.g3 fxg3 36.hxg3 Ke6
37.Ke3 h5 38.f4 exf4+ 39.Kxf4 h4 40.gxh4 a4 41.b4 a3 42.Kg5 Ra8 43.Rc3 Rg8+
44.Kf4 Rb8 45.Rb3 Rb5 46.Kg4 Kf6 47.Kf4 Rh5 48.Ke4 Ke6 49.Kd4 f5 50.Rxa3 Rxh4+
51.Kc5 Rh2 52.Re3+ Kf6 53.a4 f4 54.Rf3 Ke5 55.b5 Ke4 56.Rf1 f3 57.b6 Ke3
58.b7 Rb2 59.Kc6 Ke2 60.Rxf3 Kxf3 61.a5 Ke4 62.Kc7 Rc2+ 63.Kb6 Rb2+ 64.Ka7 Rb5
65.a6  1-0

[Event "Sochi"]
[Site "Sochi"]
[Date "1993.??.??"]
[Round "?"]
[White "Cherniaev, Alexander"]
[Black "Neverov, Valeriy"]
[Result "1-0"]
[WhiteElo "2420"]
[BlackElo "2535"]

1.e4 c5 2.Nc3 Nc6 3.Bb5 Nd4 4.Bd3 g6 5.Nf3 Bg7 6.O-O Nc6 7.a3 Nf6 8.Rb1 d5
9.exd5 Nxd5 10.Be4 Nxc3 11.bxc3 O-O 12.c4 Na5 13.Qe2 e6 14.Bb2 Bxb2 15.Rxb2 Rb8
16.c3 b6 17.Ne5 Qd6 18.f4 f6 19.Bxg6 hxg6 20.Nxg6 Rf7 21.Rf3 Rh7 22.Rg3 Kf7
23.Qg4 Ke8 24.Ne5 fxe5 25.Qg8+ Qf8 26.Qxh7 Rb7 27.Qh5+ Rf7 28.fxe5 Nxc4 29.Rb1 Kd7
30.Qe2 Ba6 31.d3 Na5 32.Rg6 Nc6 33.Qg4 Qe7 34.Qg3 Kc7 35.Re1 Bc8 36.h4 Rh7
37.h5 Bd7 38.h6  1-0

[Event "St Ingbert op"]
[Site "St Ingbert"]
[Date "1993.??.??"]
[Round "4"]
[White "Galdunts, Sergey"]
[Black "Maiwald, Jens Uwe"]
[Result "0-1"]
[WhiteElo "2450"]
[BlackElo "2430"]

1.e4 c5 2.Nc3 Nc6 3.Nge2 d6 4.d4 cxd4 5.Nxd4 Nf6 6.Bc4 Qb6 7.Nb3 e6 8.O-O a6
9.Bg5 Be7 10.Bxf6 gxf6 11.Qh5 Ne5 12.Bd3 Ng6 13.Kh1 Bd7 14.f4 O-O-O 15.a4 Kb8
16.a5 Qe3 17.Ne2 Rhg8 18.Nbd4 Qd2 19.Qf3 f5 20.exf5 Nh4 21.Qe4 Nxg2 22.Rf2 Ne1
23.Bxa6 bxa6 24.fxe6 fxe6 25.Rf1 Nxc2 26.Nxc2 Bc8 27.Ra3 d5 28.Qd3 Qxd3 29.Rxd3 d4
30.Ng3 Bb7+ 31.Kg1 h5 32.Kf2 h4 33.Ne2 Rg2+ 34.Ke1 Rxh2 35.Ncxd4 h3 36.Rb3 Bh4+
37.Kd1 Bf6  0-1

[Event "St Petersburg op"]
[Site "St Petersburg"]
[Date "1993.??.??"]
[Round "?"]
[White "Galdunts, Sergey"]
[Black "Vorontsov, Nickolay"]
[Result "1/2-1/2"]
[WhiteElo "2450"]
[BlackElo "2355"]

1.e4 c5 2.Nc3 Nc6 3.Nge2 g6 4.g3 Bg7 5.Bg2 e6 6.d3 Nge7 7.Bg5 b6 8.Qd2 h6
9.Be3 d5 10.exd5 exd5 11.d4 Bg4 12.h3 Bxe2 13.Nxe2 Qd6 14.O-O Rd8 15.dxc5 bxc5
16.c3 d4 17.cxd4 cxd4 18.Bf4 Qf6 19.g4 O-O 20.Bxh6 Bxh6 21.Qxh6 d3 22.Nc3 Nd4
23.Rae1 Nec6 24.Re3 Rfe8 25.Nd5 Qd6 26.Rxd3 Re5 27.Nf4 Rb5 28.Rfd1 Rxb2 29.Qg5 Qxf4
30.Qxf4 Ne2+ 31.Kh2 Nxf4 32.Rxd8+ Nxd8 33.Rxd8+ Kg7 34.Bf3 Ne6 35.Rd7 Rxa2
36.Kg3 Nc5 37.Rxf7+ Kxf7 38.Bd5+ Kf6 39.Bxa2 a5 40.Kf4 Nd3+ 41.Ke3 Nb4 42.Bb3 g5
43.Kd4 Nc6+ 44.Ke4 Ne5 45.Bc2 Ng6 46.f3 Ke6 47.Bd1 Kf6 48.Bb3 Nh4 49.f4 gxf4
50.Kxf4 Ng6+ 51.Ke4 Kg5 52.Bd1 a4 53.Bxa4 Nf4  1/2-1/2

[Event "St Petersburg op"]
[Site "St Petersburg"]
[Date "1993.??.??"]
[Round "?"]
[White "Cherniaev, Alexander"]
[Black "Varlamov, Viacheslav"]
[Result "1-0"]
[WhiteElo "2420"]
[BlackElo "2305"]

1.e4 c5 2.Nc3 Nc6 3.Bb5 Nf6 4.Bxc6 dxc6 5.d3 e5 6.f4 Bd6 7.Nf3 Bg4 8.f5 Nd7
9.h3 Bxf3 10.Qxf3 Be7 11.Be3 h5 12.g3 Bg5 13.Bf2 Qe7 14.O-O h4 15.g4 Nf6
16.Kg2 Nh7 17.Ne2 Bd2 18.Ng1 Bf4 19.Qe2 g5 20.Qe1 Nf6 21.Qc3 Nd7 22.a3 O-O
23.b4 cxb4 24.axb4 a6 25.Ne2 Rfe8 26.Nxf4 exf4 27.Rfe1 Rad8 28.e5 Qf8 29.Re4 Rc8
30.Rae1 c5 31.e6 fxe6 32.fxe6 Nf6 33.Re5 Qg7 34.bxc5 f3+ 35.Kh2 Rc6 36.d4 Re7
37.Qd2  1-0

[Event "St Petersburg op"]
[Site "St Petersburg"]
[Date "1993.??.??"]
[Round "?"]
[White "Cherniaev, Alexander"]
[Black "Zagrebelny, Sergey"]
[Result "0-1"]
[WhiteElo "2420"]
[BlackElo "2535"]

1.e4 c5 2.Nc3 Nc6 3.Nge2 d6 4.d4 cxd4 5.Nxd4 e6 6.f4 Nf6 7.Nf3 Be7 8.Bd3 O-O
9.O-O b5 10.Kh1 b4 11.Ne2 d5 12.e5 Ne4 13.Ned4 Nxd4 14.Nxd4 Qb6 15.Be3 Bc5
16.Bxe4 dxe4 17.c3 bxc3 18.bxc3 Ba6 19.Re1 Bd3 20.Qg4 Kh8 21.f5 exf5 22.Nxf5 g6
23.Bh6 Qe6 24.Rf1 Bxf1 25.Rxf1 Rfb8 26.h3 Bf8 27.Nd6 Qxg4 28.Nxf7+ Kg8 29.hxg4 Rb7
30.Nd6 Rc7 31.Bg5 h6 32.Bd2 Re7 33.Nxe4 Rxe5 34.Nf6+ Kh8 35.Nd7 Rd5 36.Nxf8 Rxd2
37.Nxg6+ Kg7 38.Nf4 Rxa2 39.Nh5+ Kg6 40.Kh2 Rc8 41.Rf5 Rxc3 42.Nf4+ Kh7 43.Rf7+ Kg8
44.Rf6 Rc4 45.Kh3 Rf2 46.g3 Rc1 47.g5 h5  0-1

[Event "St Petersburg op"]
[Site "St Petersburg"]
[Date "1993.??.??"]
[Round "?"]
[White "Muhutdinov, Marat"]
[Black "Yakovich, Yuri"]
[Result "1-0"]
[WhiteElo "2485"]
[BlackElo "2525"]

1.e4 c5 2.Nf3 Nc6 3.Nc3 g6 4.d4 cxd4 5.Nxd4 Bg7 6.Be3 Nf6 7.Bc4 O-O 8.Bb3 a5
9.a4 Ng4 10.Qxg4 Nxd4 11.Bxd4 Bxd4 12.Qg3 d6 13.O-O-O Bg7 14.h4 Be6 15.Nb5 Qb6
16.f4 Rac8 17.Bxe6 fxe6 18.Qb3 Qc5 19.Qxe6+ Kh8 20.c3 Qc4 21.Qxc4 Rxc4 22.g3 Rxe4
23.Kd2 Rxa4 24.Rhe1 e5 25.Kc2 exf4 26.Kb3  1-0

[Event "Stockerau"]
[Site "Stockerau"]
[Date "1993.??.??"]
[Round "2"]
[White "Berzinsh, Roland"]
[Black "Polak, Tomas"]
[Result "1-0"]
[WhiteElo "2370"]
[BlackElo "2410"]

1.e4 c5 2.Nc3 Nc6 3.Nge2 g6 4.d4 cxd4 5.Nxd4 Bg7 6.Be3 Nf6 7.Bc4 d6 8.f3 O-O
9.Bb3 Bd7 10.Qe2 Rc8 11.O-O-O Na5 12.Qd3 Nxb3+ 13.axb3 Qa5 14.Kb1 Rfd8 15.g4 e5
16.Nde2 Rc6 17.b4 Qxb4 18.g5 Ne8 19.Nd5 Qa4 20.Nec3 Qa6 21.Ne7+ Kf8 22.Nxc6 Qxc6
23.Nd5 b5 24.h4 Be6 25.h5 Bxd5 26.exd5 Qd7 27.hxg6 hxg6 28.f4 a6 29.Rdf1 Qf5
30.Qd2 Rc8 31.fxe5 Qxe5 32.Qc1 b4 33.Rh4 b3 34.c4 a5 35.Bd4 Qg3 36.Bxg7+ Kxg7
37.Rfh1 Kf8 38.R1h3 Qf2 39.Rh8+ Ke7 40.Qe3+ Qxe3 41.Rxe3+ Kd7 42.Rf8  1-0

[Event "Stribrna Skalice"]
[Site "Stribrna Skalice"]
[Date "1993.??.??"]
[Round "2"]
[White "Keitlinghaus, Ludger"]
[Black "Emunds, Hans Georg"]
[Result "1-0"]
[WhiteElo "2455"]
[BlackElo "2275"]

1.e4 c5 2.Nc3 Nc6 3.Nf3 g6 4.Bb5 Bg7 5.O-O Nf6 6.e5 Ng4 7.Bxc6 bxc6 8.Re1 O-O
9.h3 Nh6 10.d4 cxd4 11.Qxd4 d6 12.Bxh6 Bxh6 13.Rad1 Bf5 14.Qh4 Bg7 15.e6 h6
16.Nd4 g5 17.Qh5 Bxd4 18.Rxd4 Kg7 19.exf7 Qb6 20.Rd2 Rxf7 21.Nd1 Raf8 22.Qf3 Qb4
23.Qe3 Kh7 24.a3 Qf4 25.Qc3 g4 26.g3 Qg5 27.h4 Qg6 28.Qxc6 Rc8 29.Qb7 Rxc2
30.Rxc2 Bxc2 31.Rxe7 Rxe7 32.Qxe7+ Qg7 33.Qxg7+ Kxg7 34.Ne3 Be4 35.Nxg4 h5
36.Nh2 Kf6 37.f3 Bg6 38.Kf2 Ke5 39.Ke3 Kd5 40.Nf1 a5 41.Nd2 a4 42.b3 axb3
43.Nxb3 Kc4 44.Nd4 Be8 45.g4  1-0

[Event "Stribrna Skalice"]
[Site "Stribrna Skalice"]
[Date "1993.??.??"]
[Round "4"]
[White "Hausner, Ivan"]
[Black "Emunds, Hans Georg"]
[Result "1-0"]
[WhiteElo "2480"]
[BlackElo "2275"]

1.e4 c5 2.Nc3 Nc6 3.Nge2 g6 4.d4 cxd4 5.Nxd4 Bg7 6.Be3 Nf6 7.Be2 O-O 8.Nb3 d6
9.f4 Be6 10.g4 Na5 11.g5 Nd7 12.Bd4 f6 13.h4 fxg5 14.Bxg7 Kxg7 15.f5 Bc4
16.Nd4 e5 17.Bxc4 exd4 18.Qxd4+ Ne5 19.Be2 Rc8 20.O-O-O Nc4 21.fxg6 hxg6
22.h5 Qb6 23.Qxb6 axb6 24.Rdg1 Rc5 25.Rxg5 Ne3 26.Rg3 d5 27.hxg6 d4 28.Rh7+ Kf6
29.g7 Rg8 30.Rh6+ Ke7 31.Rh8 Rcc8 32.Rxg8 Rxg8 33.Nb5 N5g4 34.Bxg4 Rxg7 35.Nxd4  1-0

[Event "FRM-ch"]
[Site "Struga"]
[Date "1993.??.??"]
[Round "4"]
[White "Popov, Venci"]
[Black "Vasovski, Nikola"]
[Result "1-0"]
[WhiteElo "2310"]
[BlackElo "2295"]

1.e4 c5 2.Nc3 Nc6 3.Nge2 a6 4.d4 cxd4 5.Nxd4 e6 6.Be2 Qb6 7.Nb3 Nf6 8.Be3 Qc7
9.f4 d6 10.O-O Be7 11.Qe1 b5 12.a3 Rb8 13.Qg3 O-O 14.Bd3 b4 15.Ne2 e5 16.f5 Re8
17.Bh6 Bf8 18.Bg5 Be7 19.Rf3 Kh8 20.Qh4 Ng8 21.g4 Bxg5 22.Qxg5 f6 23.Qh5 Bb7
24.h4 bxa3 25.bxa3 Nd4 26.Nbxd4 exd4 27.Nf4 Nh6 28.g5 Nxf5 29.exf5 Bxf3 30.Qxf3 Re3
31.Qf2 fxg5 32.hxg5 d5 33.Rf1 Qe5 34.Ng2 Rh3 35.Qf4 Qxf4 36.Rxf4 Rg3 37.g6 Rb6
38.Rh4 h6 39.Kf2 Rg5 40.Rxd4 Rf6 41.Nf4  1-0

[Event "FRM-ch"]
[Site "Struga"]
[Date "1993.??.??"]
[Round "5"]
[White "Kiroski, Toni"]
[Black "Mitkovski, Oliver"]
[Result "1/2-1/2"]
[WhiteElo "2290"]
[BlackElo "2440"]

1.e4 c5 2.Nf3 Nc6 3.Nc3 Nf6 4.Bb5 g6 5.h3 Nd4 6.e5 Nxb5 7.Nxb5 Nd5 8.c4 Nb4
9.d4 a6 10.Nc3 cxd4 11.Nxd4 Bg7 12.Bf4 O-O 13.O-O d6  1/2-1/2

[Event "FRM-ch"]
[Site "Struga"]
[Date "1993.??.??"]
[Round "9"]
[White "Organdziev, Oliver"]
[Black "Mitkovski, Oliver"]
[Result "1-0"]
[WhiteElo "2230"]
[BlackElo "2440"]

1.e4 c5 2.Nf3 Nc6 3.Nc3 Nf6 4.b3 d5 5.exd5 Nxd5 6.Nxd5 Qxd5 7.Bb2 Bg4 8.Be2 O-O-O
9.O-O Bxf3 10.Bxf3 Qxd2 11.Bxc6 bxc6 12.Qg4+ Qd7 13.Qc4 e6 14.Be5 Qb7 15.Rad1 Rd5
16.Qe2 f6 17.Bg3 e5 18.f4 exf4 19.Qe8+ Kc7 20.Bxf4+ Kb6 21.Rxd5 cxd5 22.Qd8+ Kc6
23.Re1 Qd7 24.Qa8+ Kb6 25.Qb8+ Kc6 26.a4 Bd6 27.Qb5+ Kc7 28.Qxc5+  1-0

[Event "FRM-ch"]
[Site "Struga"]
[Date "1993.??.??"]
[Round "13"]
[White "Popov, Venci"]
[Black "Nedev, Trajce"]
[Result "0-1"]
[WhiteElo "2310"]
[BlackElo "2230"]

1.e4 c5 2.Nc3 Nc6 3.Nge2 Nf6 4.d4 cxd4 5.Nxd4 e5 6.Ndb5 d6 7.a4 a6 8.Na3 Be6
9.Bc4 Rc8 10.O-O Nd4 11.Qd3 Qc7 12.Bxe6 fxe6 13.Be3 Nc6 14.Ne2 Be7 15.Qb3 d5
16.exd5 exd5 17.Bb6 Qd6 18.c3 O-O 19.Rad1 Bd8 20.Nc4 Qe6 21.Ne3 Ne7 22.Bxd8 Rfxd8
23.Rfe1 Ne4 24.f4 Nc5 25.Qa2 e4 26.Nd4 Qf7 27.Rf1 Rd6 28.f5 Kh8 29.a5 Qh5
30.Qa3 Qg5 31.Rde1 Rh6 32.Re2 Rf6 33.h3 g6 34.Ng4 Rf7 35.f6 Nf5 36.Nxf5 gxf5
37.Ne3 f4 38.Ng4 h5 39.Nh2 Rxf6 40.Kh1 Rg6 41.Qb4 Nd3 42.Qxb7 Rf8 43.Qa7 Qe5
44.Qg1 Qg7 45.Rd2 Rg3 46.Qb6 Rg8 47.Qd4 Qxd4 48.cxd4 e3 49.Rxd3 e2 50.Rxg3 exf1=Q+
51.Nxf1 fxg3 52.Kg1 h4 53.Nd2 Rb8 54.Kf1 Rxb2 55.Nf3 Rf2+ 56.Kg1 Ra2 57.Kf1 Rf2+
58.Kg1 Rxf3 59.gxf3 Kg7 60.Kg2 Kf6  0-1

[Event "Sweden TV Cup"]
[Site "Sweden"]
[Date "1993.??.??"]
[Round "?"]
[White "Wedberg, Tom"]
[Black "Hellers, Ferdinand"]
[Result "0-1"]
[WhiteElo "2455"]
[BlackElo "2565"]

1.e4 c5 2.Nc3 Nc6 3.Nge2 Nf6 4.d4 cxd4 5.Nxd4 d6 6.Bc4 e6 7.Be3 a6 8.Qe2 Qc7
9.O-O-O Be7 10.Bb3 Na5 11.g4 b5 12.g5 Nxb3+ 13.axb3 Nd7 14.h4 b4 15.Na4 Nc5
16.h5 Bd7 17.Kb1 Bxa4 18.bxa4 Qb7 19.f3 Nxa4 20.g6 Bf6 21.Qc4 O-O 22.gxf7+ Qxf7
23.Qxe6 Qxe6 24.Nxe6 Nxb2 25.Nxf8 Nxd1 26.Rxd1 Rxf8 27.Rxd6 Be5 28.Rxa6 Rxf3
29.Ra8+ Kf7 30.Ra7+ Ke6 31.Bc5 Rh3 32.h6 gxh6 33.Rxh7 b3 34.cxb3 Rxb3+ 35.Kc2 Rc3+
36.Kd2 Rxc5 37.Rxh6+ Bf6 38.Ke3 Rc3+ 39.Kf4 Rc1 40.Rh5 Rf1+ 41.Ke3 Rd1 42.Rd5 Rh1
43.Ra5 Be5 44.Ra6+ Ke7 45.Kd3 Rc1 46.Ra5 Kf6 47.Ke2 Rc3 48.Rb5 Rh3 49.Ra5 Ke6
50.Rd5 Bf4 51.Rd3 Rh2+ 52.Kf3  0-1

[Event "SWZ-chT"]
[Site "?"]
[Date "1993.??.??"]
[Round "?"]
[White "Bichsel, Walter"]
[Black "Weindl, Alfred"]
[Result "0-1"]
[WhiteElo "2305"]
[BlackElo "2350"]

1.e4 c5 2.Nf3 Nc6 3.Nc3 d6 4.Bb5 Bd7 5.O-O e6 6.Bxc6 Bxc6 7.d4 cxd4 8.Qxd4 Nf6
9.Re1 Be7 10.Qd3 O-O 11.Nd4 Rc8 12.Bg5 Qc7 13.Rad1 Rfd8 14.Rd2 a6 15.Nxc6 Qxc6
16.Qd4 h6 17.Bh4 b5 18.Red1 Qc5 19.Qxc5 Rxc5 20.Bxf6 Bxf6 21.Rxd6 Rxd6 22.Rxd6 a5
23.Nd1 Rxc2 24.Kf1 Bxb2 25.Ne3 Rc5 26.Rd8+ Kh7 27.Ke2 h5 28.Rd7 Kg6 29.f4 Bc1
30.f5+ Kf6 31.Ra7 Bxe3 32.Kxe3 exf5 33.Ra6+ Ke5 34.Rxa5 fxe4 35.a4 f5 36.axb5 g5
37.g3 f4+ 38.Kd2 Kf5 39.Ke2 Rc2+ 40.Kd1 Rc5 41.Ke2 Kg4 42.gxf4 Kxf4 43.Kd2 g4
44.Ke2 h4 45.Kf2 Rc2+ 46.Kg1 Rb2 47.h3 g3 48.Ra8 Rxb5 49.Rf8+ Rf5 50.Ra8 Kf3
51.Ra7 e3 52.Ra8 Rf4 53.Re8 e2  0-1

[Event "SWZ-chT"]
[Site "?"]
[Date "1993.??.??"]
[Round "?"]
[White "Franzoni, Giancarlo"]
[Black "Kelecevic, Nedeljko"]
[Result "1-0"]
[WhiteElo "2435"]
[BlackElo "2440"]

1.e4 c5 2.Nc3 Nc6 3.Nge2 Nf6 4.d4 cxd4 5.Nxd4 d6 6.Nb3 e6 7.Be3 a6 8.Bd3 b5
9.O-O Bb7 10.f4 Be7 11.Qf3 O-O 12.a3 b4 13.axb4 Nxb4 14.Na5 Qc7 15.Nxb7 Qxb7
16.Rf2 Bd8 17.Raf1 Bb6 18.Bxb6 Qxb6 19.Kh1 Rac8 20.Qh3 d5 21.f5 Nxd3 22.cxd3 dxe4
23.dxe4 e5 24.g4 h6 25.Rg2 Rxc3 26.Qxc3 Nxe4 27.Qxe5 Qc6 28.Qf4 Rd8 29.Re1 Rd4
30.Qe3 Qc5 31.Qf3 Qc4 32.Qe2 Qd5 33.Qf3 Qc4 34.h3 Kh7 35.Qe3 Qd5 36.Qf3 f6
37.Kg1 Qc5 38.Qe3 Qd5 39.Kh2 Qd6+ 40.Kg1 Qd5  1-0

[Event "SWZ-chT"]
[Site "?"]
[Date "1993.??.??"]
[Round "?"]
[White "Franzoni, Giancarlo"]
[Black "Ekstroem, Roland"]
[Result "1/2-1/2"]
[WhiteElo "2435"]
[BlackElo "2420"]

1.e4 c5 2.Nc3 Nc6 3.Nge2 d6 4.d4 cxd4 5.Nxd4 Nf6 6.Nb3 e5 7.Be2 Be7 8.O-O O-O
9.f4 a5 10.a4 exf4 11.Bxf4 Be6 12.Kh1 d5 13.exd5 Nxd5 14.Nxd5 Qxd5 15.Qxd5 Bxd5  1/2-1/2

[Event "SWZ-chT"]
[Site "?"]
[Date "1993.??.??"]
[Round "?"]
[White "Lematschko, Tatjana"]
[Black "Kelecevic, Nedeljko"]
[Result "1/2-1/2"]
[WhiteElo "2305"]
[BlackElo "2440"]

1.e4 c5 2.Nc3 Nc6 3.Nge2 Nf6 4.g3 d5 5.exd5 Nxd5 6.Bg2 Nxc3 7.Nxc3 Nd4 8.O-O e6
9.d3 Be7 10.Ne4 Bd7 11.Be3 Rc8 12.a4 Bc6 13.f3 O-O 14.Nd2 Bd5 15.Rb1 Qd7
16.b3 b6 17.Nc4 Qb7 18.Bd2 Qa8 19.Ne3 Bb7 20.f4 Bxg2 21.Nxg2 a6 22.Bc3 Bf6
23.Bb2 e5 24.c4 e4 25.dxe4 Qxe4 26.Bxd4 Bxd4+ 27.Kh1 Rcd8 28.Qf3 Qxf3 29.Rxf3 Rfe8
30.f5 b5 31.axb5 axb5 32.Nf4 Rb8 33.Rc1 bxc4 34.Rxc4 Re1+ 35.Kg2 Rb1 36.Ne2 h6  1/2-1/2

[Event "SWZ-chT"]
[Site "?"]
[Date "1993.??.??"]
[Round "?"]
[White "Lematschko, Tatjana"]
[Black "Gerber, Richard"]
[Result "0-1"]
[WhiteElo "2305"]
[BlackElo "2320"]

1.e4 c5 2.Nc3 Nc6 3.Nge2 Nf6 4.g3 g6 5.Bg2 Bg7 6.d3 d6 7.h3 O-O 8.Be3 Bd7
9.Qd2 e5 10.g4 Rb8 11.Ng3 b5 12.a3 a5 13.a4 b4 14.Nb5 Nd4 15.Bxd4 cxd4 16.Nxd6 Bxg4
17.hxg4 Qxd6 18.Bf3 Nd7 19.b3 Rfc8 20.Bd1 Nf8 21.g5 Rc6 22.Bg4 Rb7 23.Ra2 Rbc7
24.O-O Qe7 25.Kg2 f6 26.gxf6 Bxf6 27.Re1 Bg5 28.Qd1 Bf4 29.Ne2 Qg5 30.Nxf4 Qxf4
31.Bh3 Qg5+ 32.Qg4 Qxg4+ 33.Bxg4 Rxc2 34.Rxc2 Rxc2 35.Rf1 h5 36.Bh3 Nh7 37.Be6+ Kg7
38.Kg3 g5 39.Rh1 Nf6 40.Kf3 Kh6 41.Kg2 h4 42.Kf3 Rd2 43.Bc4 g4+ 44.Kg2 Kg5
45.Rf1 Nh5 46.Rc1 Nf4+ 47.Kf1 h3  0-1

[Event "Szekszard op"]
[Site "Szekszard"]
[Date "1993.??.??"]
[Round "7"]
[White "Zemerov, Vladimir"]
[Black "Tolnai, Tibor"]
[Result "1-0"]
[WhiteElo "2455"]
[BlackElo "2500"]

1.e4 c5 2.Nc3 Nc6 3.Nf3 g6 4.d4 cxd4 5.Nxd4 Bg7 6.Be3 d6 7.Bc4 Nf6 8.h3 O-O
9.O-O Bd7 10.Bb3 Rc8 11.Re1 Qa5 12.Nd5 Rfe8 13.Nxf6+ Bxf6 14.c3 a6 15.Qd2 Qc7
16.Nxc6 Bxc6 17.Bh6 Bb5 18.Qe3 Bc4 19.Rad1 Qa5 20.Bxc4 Rxc4 21.a3 Qb5 22.Rd2 Rec8
23.Bf4 R8c5 24.Rde2 Qc6 25.Qg3 Bg7 26.e5 d5 27.Be3 Rb5 28.Bd4 Rb3 29.Qg5 e6
30.h4 Qe8 31.h5 Rc8 32.Rd1 Bf8 33.Rd3 Qb5 34.Rdd2 Bg7 35.f4 Qe8 36.Re3 Qb5
37.Ree2 Qe8 38.Kh2 Qd8 39.Qg4 a5 40.Re3 b5 41.Rh3 b4 42.axb4 axb4 43.Qd1 bxc3
44.Qxb3 cxd2 45.Qd1 f6 46.hxg6 fxe5 47.Qg4 Qd7 48.gxh7+ Kh8 49.Bxe5 Bxe5
50.fxe5 Qg7 51.Qxe6 Rd8 52.Rd3 Rf8 53.Rxd2 Rf4 54.Qg8+  1-0